Las migraciones contemporáneas

সংরক্ষণ করুন:
গ্রন্থ-পঞ্জীর বিবরন
প্রধান লেখক: Blanco, Cristina (Author)
বিন্যাস: গ্রন্থ
ভাষা:স্প্যানিশ
প্রকাশিত: Madrid Alianza 2000
মালা:Materiales-Ciencias Sociales
বিষয়গুলি:
ট্যাগগুলো: ট্যাগ যুক্ত করুন
কোনো ট্যাগ নেই, প্রথমজন হিসাবে ট্যাগ করুন!

MARC

LEADER 00000nam a2200000 a 4500
001 UCN7543
003 CL-VaPUC
008 011018e20000000SP |||||||||||||||||spa|d
082 0 4 |a 304.82  |b BLA  |2 21 
100 0 |a Blanco, Cristina  |e author  |9 463449 
245 1 4 |a Las migraciones contemporáneas 
300 |a 202 p 
942 |c BK 
945 |d 20011018 00:00:00  |a crobeson 
260 |a Madrid  |b Alianza  |c 2000 
650 7 |a MIGRACIONES POBLACIONALES  |2 CL-VaPUC  |9 357703 
650 0 |a Migraciones - Historia   |9 463450 
650 7 |a MIGRACIONES - TEORIA SOCIALOGICA  |2 CL-VaPUC  |9 463451 
650 0 |a Inmigración  |9 268290 
583 |a last modification  |c 20011018 00:00:00  |k Rodrigo Vera 
490 0 |a Materiales-Ciencias Sociales 
999 |c 297788  |d 297786 
952 |0 0  |1 0  |4 0  |6 304_820000000000000_BLA_2000  |7 0  |8 A  |9 352779  |a BIBHIS  |b BIBHIS  |d 2019-11-21  |i 3744396  |l 1  |o 304.82 BLA 2000  |p 3744396  |r 2025-01-20  |s 2022-10-20  |w 2019-11-21  |y BK  |k HIS